The map and the development of the history of cartography

Bibliographic Details
Published in:The history of cartography, J.B. Harley and David Woodward, Chicago [etc.], P. 1-42
Main Author: Harley, J.B.
Content type: Article
Published: 1987
Source:MPIPL_cat

MARC

LEADER 00000naa a2200000 u 4500
001 PL0053655
003 PLI01000000000000000053337
005 00000000000000.0
008 ||| u
100 1 |a Harley, J.B. 
245 0 4 |a The map and the development of the history of cartography  |c J.B. Harley 
260 |c 1987 
773 0 8 |t The history of cartography  |a J.B. Harley and David Woodward  |d Chicago [etc.]  |g P. 1-42  |w MPIPL_cat.PL0053653  |z 0-226-31633-5  |i In: 
952 |h P. 1-42 
996 |a Aufsatz 
997 |a book chapter